00384nam a2200145Ia 4500008004100000020001800041041000800059082001600067100001400083245004100097250000600138260004800144300001100192650003500203210716s2006 xx 000 0 und d a9780521866736 aeng a519.54 COXD aCox, D R. aPrinciples of statistical inference. a1 aSingaporebCambridge University Pressc2006 axv,219 aStatistical Mathematics(519.5)